000 00305nam a22001337a 4500
008 181012b xxu||||| |||| 00| 0 eng d
020 _a9780781747158
041 _aeng
080 _a616.15
100 _a9
101 _aHEM
245 _aHandbook of Clinical Hematology
_cRodgers,G.P
942 _2udc
_cBK
999 _c49536
_d49536